[Event "Plunge op-A 39th"]
[Site "Plateliai"]
[Date "2019.07.17"]
[Round "4"]
[White "Slusnys, Evaldas"]
[Black "Leclere, Daniel"]
[Result "1-0"]
[WhiteElo "1779"]
[BlackElo "1681"]
[PlyCount "59"]
[EventDate "2019.07.15"]
[EventType "swiss"]
[EventRounds "9"]
[EventCountry "LTU"]
[SourceTitle "CBM 191 Extra"]
[Source "ChessBase"]
[SourceDate "2019.09.30"]
[SourceVersion "1"]
[SourceVersionDate "2019.09.30"]
[SourceQuality "1"]

1. d4 Nf6 2. Nc3 c5 3. Nf3 cxd4 4. Nxd4 Nc6 5. e4 e6 6. Ndb5 d6 7. Bf4 e5 8. Bg5 a6 9. Na3 b5 10. Nd5 Be7 11. Bxf6 Bxf6 12. c3 Be6 13. Nc2 Bxd5 14. Qxd5 Ne7 15. Qb3 0-0 16. Ne3 Qa5 17. Rd1 Rfd8 18. Be2 Rac8 19. 0-0 Bg5 20. Nd5 Nxd5 21. Rxd5 Rc5 22. Rfd1 Rxd5 23. Rxd5 Qc7 24. a4 bxa4 25. Qxa4 Qb6 26. b4 Ra8 27. Ra5 g6 28. b5 Bd8 29. Rxa6 Rxa6 30. Qxa6 1-0

[Event "Panevezys op-A"]
[Site "Panevezys"]
[Date "2019.06.26"]
[Round "4"]
[White "Slusnys, Evaldas"]
[Black "Vambute, Dana"]
[Result "1/2-1/2"]
[WhiteElo "1789"]
[BlackElo "1871"]
[PlyCount "56"]
[EventDate "2019.06.24"]
[EventType "swiss"]
[EventRounds "9"]
[EventCountry "LTU"]
[SourceTitle "CBM 191 Extra"]
[Source "ChessBase"]
[SourceDate "2019.09.30"]
[SourceVersion "1"]
[SourceVersionDate "2019.09.30"]
[SourceQuality "1"]

1. e4 c5 2. Nf3 e6 3. d3 Nc6 4. g3 g6 5. c3 Bg7 6. Be3 d6 7. Bg2 Nge7 8. 0-0 0-0 9. d4 cxd4 10. cxd4 d5 11. e5 Nf5 12. Nc3 Nxe3 13. fxe3 Bh6 14. Qe2 b6 15. e4 Nb4 16. exd5 Ba6 17. Nb5 Nxd5 18. a4 Rc8 19. Qe4 Qd7 20. Qh4 Bg7 21. Ng5 h6 22. Ne4 Ne3 23. Nf6+ Bxf6 24. Rxf6 Nf5 25. Rxf5 Bxb5 26. Rf4 g5 27. Qxh6 gxf4 28. Qg5+ Kh8 1/2-1/2

[Event "Panevezys op-A"]
[Site "Panevezys"]
[Date "2019.06.25"]
[Round "2"]
[White "Strods, Kristaps Reinis"]
[Black "Slusnys, Evaldas"]
[Result "1/2-1/2"]
[WhiteElo "1598"]
[BlackElo "1789"]
[PlyCount "80"]
[EventDate "2019.06.24"]
[EventType "swiss"]
[EventRounds "9"]
[EventCountry "LTU"]
[SourceTitle "CBM 191 Extra"]
[Source "ChessBase"]
[SourceDate "2019.09.30"]
[SourceVersion "1"]
[SourceVersionDate "2019.09.30"]
[SourceQuality "1"]

1. e4 c6 2. d4 d5 3. Nc3 h6 4. Nf3 Bg4 5. Be3 e6 6. e5 c5 7. dxc5 Nc6 8. Bb5 Nge7 9. h3 Bxf3 10. Qxf3 Nf5 11. 0-0-0 Nxe3 12. fxe3 Be7 13. e4 d4 14. Nd5 0-0 15. Nxe7+ Qxe7 16. Bxc6 bxc6 17. h4 Qxc5 18. Qf4 Rab8 19. Rd3 Rb5 20. Rf1 Qxe5 21. Qxe5 Rxe5 22. Rxd4 f5 23. exf5 exf5 24. Kd2 Rfe8 25. Rf2 Kf7 26. Rd7+ R8e7 27. Rxe7+ Kxe7 28. Rf3 g5 29. hxg5 hxg5 30. Rh3 Kd6 31. c4 Re4 32. Kc3 Rg4 33. Rd3+ Ke5 34. Rd2 Rf4 35. b4 g4 36. b5 cxb5 37. cxb5 g3 38. Rd3 Rf2 39. Rxg3 Rxa2 40. Kb4 Kd4 1/2-1/2

[Event "Baltija Cup 16th"]
[Site "Palanga"]
[Date "2019.06.18"]
[Round "3"]
[White "Slusnys, Evaldas"]
[Black "Narmontas, Raimondas"]
[Result "0-1"]
[WhiteElo "1789"]
[BlackElo "1988"]
[PlyCount "72"]
[EventDate "2019.06.17"]
[EventType "swiss"]
[EventRounds "7"]
[EventCountry "LTU"]
[SourceTitle "CBM 191 Extra"]
[Source "ChessBase"]
[SourceDate "2019.09.30"]
[SourceVersion "1"]
[SourceVersionDate "2019.09.30"]
[SourceQuality "1"]

1. e4 c5 2. Nf3 Nc6 3. d4 cxd4 4. Nxd4 e5 5. Nb5 d6 6. a4 Be7 7. N1c3 a6 8. Na3 Be6 9. Bc4 Nf6 10. 0-0 0-0 11. Be3 Rc8 12. f3 Nb4 13. Bb3 d5 14. exd5 Nfxd5 15. Nxd5 Nxd5 16. Bf2 Nf4 17. Bxe6 Nxe6 18. c3 Qc7 19. Qb3 Nf4 20. Rfd1 Bc5 21. Rd2 Bxf2+ 22. Kxf2 Qc6 23. Nc2 Qh6 24. Ne3 Nxg2 25. Kxg2 Qxe3 26. Rad1 Rc6 27. Qxb7 Rg6+ 28. Kh1 h5 29. Qe4 Qg5 30. Rf2 Re8 31. f4 Qg4 32. Rdf1 Rd8 33. Qxe5 Rd1 34. Qe1 Rxe1 35. Rxe1 Qd7 36. Ref1 Qxa4 0-1

[Event "LTU-chT"]
[Site "Lithuania"]
[Date "2019.04.27"]
[Round "6.8"]
[White "Slusnys, Evaldas"]
[Black "Feofanov, Boris"]
[Result "1/2-1/2"]
[WhiteElo "1849"]
[BlackElo "1671"]
[PlyCount "172"]
[EventDate "2019.01.26"]
[EventType "team-swiss"]
[EventRounds "7"]
[EventCountry "LTU"]
[SourceTitle "CBM 190 Extra"]
[Source "ChessBase"]
[SourceDate "2019.07.15"]
[SourceVersion "1"]
[SourceVersionDate "2019.07.15"]
[SourceQuality "1"]
[WhiteTeam "Vilnius LASF"]
[BlackTeam "Vilnius Pasaku II"]
[WhiteTeamCountry "LTU"]
[BlackTeamCountry "LTU"]

1. e4 d5 2. exd5 Qxd5 3. Nc3 Qd6 4. d4 Nf6 5. Nge2 c6 6. Bf4 Qb4 7. Qd3 Nd5 8. 0-0-0 Nxf4 9. Nxf4 g6 10. g3 Bg7 11. Qc4 Qxc4 12. Bxc4 Bg4 13. Be2 Bxe2 14. Ncxe2 e6 15. Rhe1 0-0 16. Nd3 Nd7 17. f4 Nf6 18. Ne5 Rfd8 19. Ng1 Rd6 20. c4 Rad8 21. Ngf3 h6 22. b4 Rc8 23. c5 Rdd8 24. Nc4 Nd5 25. Nd6 Rc7 26. a3 Bf8 27. Ne4 a5 28. Kb2 axb4 29. axb4 Nxb4 30. Kb3 Nd5 31. Ra1 b6 32. Ne5 bxc5 33. Nxc5 Rb8+ 34. Kc4 Rb4+ 35. Kd3 Bxc5 36. dxc5 Rb2 37. Ra8+ Kg7 38. Re2 Rb3+ 39. Kd4 Ne7 40. Kc4 Rcb7 41. Ra4 Rb1 42. Ra6 Rc1+ 43. Kd4 Nf5+ 44. Kd3 Rxc5 45. Rc2 Rd5+ 46. Kc3 c5 47. Rca2 Nd4 48. Nc6 Nb5+ 49. Kc2 Rbd7 50. Ne5 Rc7 51. R2a5 Rb7 52. Ra4 Nd4+ 53. Kc3 Rd8 54. Nc6 Ne2+ 55. Kc4 Rd1 56. Kxc5 Nc3 57. Ra1 Rd5+ 58. Kc4 Ne4 59. Ra7 Rb2 60. Ne5 Nd6+ 61. Kc3 Rxh2 62. Re7 Rg2 63. Ra6 Rxg3+ 64. Kc2 Rg2+ 65. Kc1 h5 66. Raa7 Rg1+ 67. Kc2 Rc5+ 68. Kd3 Rg3+ 69. Ke2 Rc2+ 70. Kf1 Rb3 71. Ra1 Kf6 72. Rd7 Rb6 73. Rd1 Kf5 74. R1xd6 Rb1+ 75. Rd1 Rxd1+ 76. Rxd1 f6 77. Nf3 Kxf4 78. Nd4 Ra2 79. Nxe6+ Ke5 80. Re1+ Kf5 81. Ng7+ Kg5 82. Ne6+ Kf5 83. Nd4+ Kg5 84. Re8 Kg4 85. Re6 Kg5 86. Nf3+ Kf5 1/2-1/2

[Event "LTU-chT"]
[Site "Lithuania"]
[Date "2019.03.30"]
[Round "3.2"]
[White "Ketlerius, Arijus"]
[Black "Slusnys, Evaldas"]
[Result "1/2-1/2"]
[WhiteElo "1841"]
[BlackElo "1849"]
[PlyCount "78"]
[EventDate "2019.01.26"]
[EventType "team-swiss"]
[EventRounds "7"]
[EventCountry "LTU"]
[SourceTitle "CBM 189 Extra"]
[Source "ChessBase"]
[SourceDate "2019.06.03"]
[SourceVersion "1"]
[SourceVersionDate "2019.06.03"]
[SourceQuality "1"]
[WhiteTeam "Vilnius Pasaku"]
[BlackTeam "Vilnius LASF"]
[WhiteTeamCountry "LTU"]
[BlackTeamCountry "LTU"]

1. Nf3 c5 2. c4 Nc6 3. g3 g6 4. d4 cxd4 5. Nxd4 Bg7 6. Nc2 Qa5+ 7. Nd2 d5 8. cxd5 Qxd5 9. e4 Qa5 10. Bg2 Nf6 11. 0-0 Bg4 12. f3 Be6 13. Qe2 0-0 14. Nb3 Bxb3 15. axb3 Qb6+ 16. Qe3 Qxe3+ 17. Bxe3 Rfd8 18. b4 Rac8 19. b5 Ne5 20. Nb4 Nc4 21. Bxa7 Nxb2 22. e5 Nd5 23. Nxd5 Rxd5 24. f4 Rxb5 25. Rfb1 Rb4 26. Bf2 e6 27. Ra7 Nd3 28. Rxb4 Rc1+ 29. Bf1 Nxb4 30. Rxb7 Bf8 31. Be3 Rc2 32. Rb8 Kg7 33. Bf2 Nd5 34. Rb1 h5 35. Bg2 Bc5 36. Bxc5 Rxc5 37. Rb2 Ne3 38. Bf3 Rc1+ 39. Kf2 Nd1+ 1/2-1/2

[Event "LTU-ch"]
[Site "Vilnius"]
[Date "2019.03.17"]
[Round "4"]
[White "Posaskov, Sergej"]
[Black "Slusnys, Evaldas"]
[Result "0-1"]
[WhiteElo "1508"]
[BlackElo "1849"]
[PlyCount "106"]
[EventDate "2019.03.15"]
[EventType "swiss"]
[EventRounds "9"]
[EventCountry "LTU"]
[SourceTitle "EXT 2020"]
[Source "ChessBase"]
[SourceDate "2019.10.17"]
[SourceVersion "1"]
[SourceVersionDate "2019.10.17"]
[SourceQuality "1"]

1. d4 Nf6 2. c4 c5 3. d5 b5 4. Nc3 bxc4 5. e4 d6 6. Bxc4 g6 7. Bf4 Nh5 8. Bg5 Bg7 9. Nge2 h6 10. Bh4 0-0 11. 0-0 Nd7 12. f4 Nb6 13. Bb5 Rb8 14. Rb1 Qc7 15. f5 g5 16. Be1 Nd7 17. g4 Nhf6 18. Ng3 Ne5 19. Be2 Bd7 20. h3 Rb7 21. Rf2 Rfb8 22. Bf1 a5 23. Ba6 Rb6 24. Bf1 Qa7 25. Qc2 a4 26. Kg2 R8b7 27. a3 Rb3 28. Nd1 Qb8 29. Bc3 Ne8 30. Nh5 Bh8 31. Rc1 Bf6 32. Ne3 Ng7 33. Ba6 Nxh5 34. gxh5 Ra7 35. Be2 Kh7 36. Re1 Be8 37. Bd1 Rxc3 38. bxc3 Rb7 39. Ree2 Rb3 40. Ng4 Nxg4 41. hxg4 Rxc3 42. Qa2 Be5 43. Rf3 Rc1 44. Rf1 Ra1 45. Qc2 Bb5 46. Rff2 Bxe2 47. Qxe2 Rxa3 48. Qa6 Qb1 49. Qe2 Rg3+ 50. Kh1 a3 51. f6 exf6 52. Rf3 Rxf3 53. Qxf3 a2 0-1

[Event "LTU-chT"]
[Site "Lithuania"]
[Date "2019.01.27"]
[Round "2.8"]
[White "Scekaciov, Rostislav"]
[Black "Slusnys, Evaldas"]
[Result "1-0"]
[WhiteElo "1560"]
[BlackElo "1849"]
[PlyCount "45"]
[EventDate "2019.01.26"]
[EventType "team-swiss"]
[EventRounds "7"]
[EventCountry "LTU"]
[SourceTitle "CBM 188 Extra"]
[Source "ChessBase"]
[SourceDate "2019.02.26"]
[SourceVersion "1"]
[SourceVersionDate "2019.02.26"]
[SourceQuality "1"]
[WhiteTeam "Klaipeda Bokstas"]
[BlackTeam "Vilnius LASF"]
[WhiteTeamCountry "LTU"]
[BlackTeamCountry "LTU"]

1. Nf3 c5 2. c4 g6 3. g3 Bg7 4. Bg2 Nc6 5. 0-0 Nf6 6. Nc3 0-0 7. e3 d6 8. d4 cxd4 9. exd4 d5 10. cxd5 Nb4 11. Ne5 Nbxd5 12. Qb3 e6 13. Bg5 h6 14. Bxf6 Nxf6 15. Rfd1 Qa5 16. Rac1 Nd7 17. f4 Nxe5 18. dxe5 Rd8 19. Rxd8+ Qxd8 20. Rd1 Qa5 21. Ne4 Rb8 22. Qd3 Qd5 23. Nf6+ 1-0

[Event "Vilnius Zavanelli Memorial op-B"]
[Site "Vilnius"]
[Date "2018.10.28"]
[Round "7"]
[White "Slusnys, Evaldas"]
[Black "Rutkauskas, Gediminas"]
[Result "1/2-1/2"]
[WhiteElo "1846"]
[BlackElo "1812"]
[PlyCount "43"]
[EventDate "2018.10.25"]
[EventType "swiss"]
[EventRounds "7"]
[EventCountry "LTU"]
[SourceTitle "EXT 2021"]
[Source "ChessBase"]
[SourceDate "2020.10.23"]
[SourceVersion "1"]
[SourceVersionDate "2020.10.23"]
[SourceQuality "1"]

1. e4 c5 2. Nf3 Nc6 3. d4 cxd4 4. Nxd4 g6 5. Nxc6 bxc6 6. Qd4 f6 7. Nc3 Qb6 8. Qa4 Bh6 9. Bxh6 Nxh6 10. Qb3 Ng4 11. Qxb6 axb6 12. h3 Ne5 13. f4 Nf7 14. 0-0-0 Ba6 15. Rd4 Bxf1 16. Rxf1 d6 17. g3 Kd7 18. Kd2 Rhb8 19. Ra4 Rxa4 20. Nxa4 b5 21. Nc3 e6 22. Ke3 1/2-1/2

[Event "Vilnius Zavanelli Memorial op-B"]
[Site "Vilnius"]
[Date "2018.10.26"]
[Round "3"]
[White "Slusnys, Evaldas"]
[Black "Jalanskij, Sergej"]
[Result "1/2-1/2"]
[WhiteElo "1846"]
[BlackElo "2020"]
[PlyCount "68"]
[EventDate "2018.10.25"]
[EventType "swiss"]
[EventRounds "7"]
[EventCountry "LTU"]
[SourceTitle "CBM 187 Extra"]
[Source "ChessBase"]
[SourceDate "2018.11.04"]
[SourceVersion "1"]
[SourceVersionDate "2018.11.04"]
[SourceQuality "1"]

1. e4 e6 2. d3 d5 3. Nd2 c5 4. Ngf3 Nc6 5. g3 dxe4 6. Nxe4 Be7 7. Bg2 Nf6 8. Qe2 Nd4 9. Nxd4 cxd4 10. c4 dxc3 11. bxc3 0-0 12. 0-0 Qc7 13. Bd2 Bd7 14. Rab1 Bc6 15. Bf4 e5 16. Nxf6+ Bxf6 17. Bxc6 bxc6 18. Be3 Qa5 19. Rb3 Rfe8 20. Rfb1 Qd5 21. c4 Qd6 22. Qf3 Re7 23. Qe4 g6 24. Rb7 Kg7 25. Rxe7 Bxe7 26. d4 Bf6 27. d5 Rc8 28. dxc6 Rxc6 29. Rb7 a6 30. c5 Qe6 31. a4 Bd8 32. Qf3 Bf6 33. Qe4 Bd8 34. Qf3 Bf6 1/2-1/2

[Event "Plunge op-A 38th"]
[Site "Plateliai"]
[Date "2018.07.17"]
[Round "2"]
[White "Klabis, Rokas"]
[Black "Slusnys, Evaldas"]
[Result "1-0"]
[WhiteElo "2347"]
[BlackElo "1860"]
[PlyCount "100"]
[EventDate "2018.07.16"]
[EventType "swiss"]
[EventRounds "9"]
[EventCountry "LTU"]
[SourceTitle "EXT 2019"]
[Source "ChessBase"]
[SourceDate "2018.10.10"]
[SourceVersion "1"]
[SourceVersionDate "2018.10.10"]
[SourceQuality "1"]

1. e4 e5 2. Nf3 Nc6 3. Bc4 Bc5 4. c3 Nf6 5. d3 d6 6. 0-0 Be6 7. Bxe6 fxe6 8. d4 exd4 9. cxd4 Bb6 10. Nc3 0-0 11. Be3 Qe8 12. Ng5 h6 13. Nxe6 Qxe6 14. d5 Qd7 15. Bxb6 axb6 16. dxc6 bxc6 17. Qd4 Qe6 18. f3 Ra5 19. a3 Rfa8 20. Rac1 Qb3 21. Ne2 c5 22. Qd2 Ra4 23. Ng3 Rd4 24. Qf2 Rc4 25. Nf5 Rxc1 26. Rxc1 Kh7 27. Qd2 Ra4 28. Rc3 Qe6 29. Qc2 Ra7 30. Re3 g6 31. Ng3 d5 32. e5 d4 33. Re1 Nd5 34. Qe4 c6 35. b4 Rxa3 36. b5 cxb5 37. Nh5 Re3 38. Rxe3 dxe3 39. Qxd5 Qxd5 40. Nf6+ Kg7 41. Nxd5 Kf7 42. Nxe3 Ke6 43. f4 b4 44. Kf2 b3 45. Nd1 c4 46. Ke3 Kd5 47. Kd2 b5 48. Kc3 Kc5 49. g4 b4+ 50. Kb2 Kd5 1-0

[Event "LTU-chT"]
[Site "Lithuania"]
[Date "2018.03.24"]
[Round "4.4"]
[White "Bubnys, Robertas"]
[Black "Slusnys, Evaldas"]
[Result "0-1"]
[WhiteElo "1739"]
[BlackElo "1858"]
[PlyCount "84"]
[EventDate "2018.01.27"]
[EventType "team-swiss"]
[EventRounds "7"]
[EventCountry "LTU"]
[SourceTitle "EXT 2019"]
[Source "ChessBase"]
[SourceDate "2018.10.10"]
[SourceVersion "1"]
[SourceVersionDate "2018.10.10"]
[SourceQuality "1"]
[WhiteTeam "Marijampole Suduva"]
[BlackTeam "Vilnius LASF"]
[WhiteTeamCountry "LTU"]
[BlackTeamCountry "LTU"]

1. e4 c5 2. Nf3 Nc6 3. d4 cxd4 4. Nxd4 Nf6 5. Nc3 g6 6. Be3 Bg7 7. f3 0-0 8. Qd2 d5 9. Nxc6 bxc6 10. 0-0-0 Qc7 11. Bh6 dxe4 12. Bxg7 Kxg7 13. Nxe4 Nxe4 14. fxe4 Rb8 15. Bc4 Bg4 16. Rdf1 Qe5 17. Bb3 Be6 18. h4 h6 19. Qc3 Qxc3 20. bxc3 Bg4 21. Rf4 h5 22. Rhf1 e6 23. e5 Rbd8 24. Ra4 Rd7 25. Rb4 Rfd8 26. Kb2 c5 27. Ra4 Rb7 28. Kc1 Rbd7 29. Kb2 Rb7 30. Kc1 Be2 31. Re1 Bg4 32. Ree4 Rd1+ 33. Kb2 Rg1 34. Rec4 Rc7 35. Ra5 Rxg2 36. Raxc5 Rxc5 37. Rxc5 g5 38. hxg5 h4 39. Bc4 Rf2 40. Bd3 h3 41. Rc4 h2 42. Be4 Rf4 0-1

[Event "Plunge op 37th"]
[Site "Plateliai"]
[Date "2017.07.24"]
[Round "8"]
[White "Slusnys, Evaldas"]
[Black "Bagdanskis, Dangis"]
[Result "1-0"]
[WhiteElo "1920"]
[BlackElo "1495"]
[PlyCount "115"]
[EventDate "2017.07.17"]
[EventType "swiss"]
[EventRounds "9"]
[EventCountry "LTU"]
[SourceTitle "EXT 2019"]
[Source "ChessBase"]
[SourceDate "2018.10.10"]
[SourceVersion "1"]
[SourceVersionDate "2018.10.10"]
[SourceQuality "1"]

1. Nf3 c6 2. e4 d5 3. Nc3 dxe4 4. Nxe4 Nf6 5. Nxf6+ exf6 6. d4 Bd6 7. Bd3 Be6 8. Be3 0-0 9. 0-0 Re8 10. c4 Nd7 11. Qc2 Nf8 12. Rfe1 Bg4 13. Nd2 Qc7 14. h3 Bh5 15. Ne4 Bf4 16. Bxf4 Qxf4 17. Ng3 Bg6 18. Bxg6 Nxg6 19. Re4 Rxe4 20. Qxe4 Qxe4 21. Nxe4 Rd8 22. Rd1 Nf4 23. Nc3 f5 24. h4 f6 25. g3 Ng6 26. d5 Ne5 27. b3 cxd5 28. Nxd5 Kf7 29. Kg2 Nc6 30. Re1 Re8 31. Rxe8 Kxe8 32. Kf3 Kd7 33. Ke3 Kd6 34. f4 Nd8 35. b4 a5 36. a3 axb4 37. axb4 Ne6 38. Nc3 h6 39. Nb5+ Kc6 40. Nd4+ Nxd4 41. Kxd4 h5 42. c5 Kb5 43. Kc3 g6 44. Kb3 g5 45. Kc3 g4 46. Kb3 b6 47. cxb6 Kxb6 48. Kc4 Kc6 49. b5+ Kd6 50. Kd4 Kc7 51. Kc5 Kb7 52. b6 Kb8 53. Kd6 Kb7 54. Ke6 Kxb6 55. Kxf6 Kc5 56. Kxf5 Kd4 57. Kg5 Ke4 58. f5 1-0

[Event "Panevezys op-B"]
[Site "Panevezys"]
[Date "2017.07.04"]
[Round "3"]
[White "Slusnys, Evaldas"]
[Black "Ziedins, Roberts"]
[Result "1-0"]
[WhiteElo "1920"]
[BlackElo "1917"]
[PlyCount "47"]
[EventDate "2017.07.03"]
[EventType "swiss"]
[EventRounds "9"]
[EventCountry "LTU"]
[SourceTitle "EXT 2018"]
[Source "ChessBase"]
[SourceDate "2017.10.13"]
[SourceVersion "1"]
[SourceVersionDate "2017.10.13"]
[SourceQuality "1"]

1. e4 e5 2. Nf3 Nc6 3. d4 exd4 4. Nxd4 Bc5 5. Be3 Qf6 6. Nb5 Bxe3 7. fxe3 Qh4+ 8. g3 Qd8 9. Qg4 g6 10. Qf4 d6 11. Bc4 Ne5 12. 0-0 Qe7 13. N1c3 g5 14. Qf2 c6 15. Bxf7+ Kd7 16. Rad1 cxb5 17. Nxb5 Nxf7 18. Qxf7 Qxf7 19. Rxf7+ Kc6 20. c4 a6 21. Rc7+ Kb6 22. Rxd6+ Ka5 23. Nc3 h5 24. a3 1-0

[Event "IBCA-ol blind 15th"]
[Site "Ohrid"]
[Date "2017.06.20"]
[Round "2.4"]
[White "Slusnys, Evaldas"]
[Black "Kostadinovski, Zoran"]
[Result "1-0"]
[WhiteElo "1889"]
[BlackElo "1897"]
[PlyCount "135"]
[EventDate "2017.06.19"]
[EventType "team-swiss"]
[EventRounds "9"]
[EventCountry "MKD"]
[SourceTitle "CBM 179 Extra"]
[Source "ChessBase"]
[SourceDate "2017.08.23"]
[SourceVersion "1"]
[SourceVersionDate "2017.08.23"]
[SourceQuality "1"]
[WhiteTeam "Lithuania"]
[BlackTeam "Macedonia"]
[WhiteTeamCountry "LTU"]
[BlackTeamCountry "MKD"]

1. Nf3 c5 2. e4 e6 3. d3 d5 4. Nbd2 Nc6 5. g3 Bd6 6. Bg2 Nge7 7. 0-0 0-0 8. Nh4 f6 9. f4 Bc7 10. Kh1 Rb8 11. a4 a6 12. b3 b5 13. Ndf3 h6 14. Ne1 Bd7 15. f5 Ne5 16. axb5 axb5 17. Be3 d4 18. Bd2 exf5 19. Nxf5 Nxf5 20. exf5 Bc6 21. Bf4 Bxg2+ 22. Nxg2 Qd5 23. Bxe5 Bxe5 24. Qf3 Qxf3 25. Rxf3 Ra8 26. Rff1 Rfc8 27. Nh4 Kf7 28. Ng6 b4 29. Kg2 Ra3 30. Kf3 Ke8 31. Rae1 Kf7 32. Re2 Re8 33. Nxe5+ fxe5 34. Ke4 Kf6 35. Kd5 Ra2 36. Rff2 Ra5 37. Kc4 Rc8 38. Re4 Re8 39. Rg4 e4 40. dxe4 Rd8 41. Rg6+ Kf7 42. Kd3 Re8 43. Rf4 h5 44. Rc6 Re5 45. Rh4 Ra1 46. Rxh5 Rd1+ 47. Ke2 Rb1 48. Kd2 Rg1 49. Rh4 Rg2+ 50. Kd3 Rf2 51. Rg4 Rf3+ 52. Ke2 Rfxf5 53. Rc7+ Kf8 54. Rcxg7 Rxe4+ 55. Rxe4 Kxg7 56. Rg4+ Kh6 57. h4 Re5+ 58. Kd2 Re3 59. Rg5 Rc3 60. g4 d3 61. cxd3 Rxb3 62. Rxc5 Rb2+ 63. Rc2 Rb1 64. Rc6+ Kg7 65. Kc2 Rh1 66. h5 Rh3 67. Rb6 b3+ 68. Rxb3 1-0

[Event "LTU-chT"]
[Site "Lithuania"]
[Date "2017.03.19"]
[Round "7.2"]
[White "Vainauskas, Haroldas"]
[Black "Slusnys, Evaldas"]
[Result "0-1"]
[WhiteElo "1284"]
[BlackElo "1916"]
[PlyCount "106"]
[EventDate "2017.01.28"]
[EventType "team-swiss"]
[EventRounds "7"]
[EventCountry "LTU"]
[SourceTitle "EXT 2018"]
[Source "ChessBase"]
[SourceDate "2017.10.13"]
[SourceVersion "1"]
[SourceVersionDate "2017.10.13"]
[SourceQuality "1"]
[WhiteTeam "Klaipeda II"]
[BlackTeam "LASF"]
[WhiteTeamCountry "LTU"]
[BlackTeamCountry "LTU"]

1. d4 e6 2. Bf4 c5 3. e3 Qb6 4. Na3 d5 5. Rb1 Nf6 6. c3 Be7 7. Nf3 0-0 8. Be2 Bd7 9. Nc2 Bb5 10. 0-0 Nc6 11. Nce1 Bxe2 12. Qxe2 c4 13. Ne5 Nxe5 14. Bxe5 Qc6 15. Nf3 b5 16. Qc2 Ne4 17. Nd2 Nxd2 18. Qxd2 a5 19. Rfe1 b4 20. f3 Ra6 21. e4 Rfa8 22. Bg3 Rb6 23. exd5 Qxd5 24. Re5 bxc3 25. Qxc3 Bb4 26. Qe3 Qb7 27. d5 Bd6 28. Re4 Qxd5 29. Bxd6 Rxd6 30. Rc1 c3 31. Qxc3 Qxa2 32. Qc8+ Rd8 33. Qc3 h6 34. Rg4 g6 35. Qf6 Rd7 36. Rh4 Qd5 37. Rxh6 Qd4+ 38. Qxd4 Rxd4 39. Rc2 Rb8 40. g4 Rdb4 41. Rc5 R4b5 42. Rxb5 Rxb5 43. b4 axb4 44. Rh3 b3 45. Rg3 b2 46. Rg2 b1Q+ 47. Kf2 Rb2+ 48. Kg3 Qe1+ 49. Kh3 Qf1 50. Kh4 Rxg2 51. g5 Qf2+ 52. Kh3 Qxf3+ 53. Kh4 Qg4# 0-1